[Event "Winnipeg March TNT"]
[Site "Winnipeg"]
[Date "2015.10.03"]
[Round "2.5"]
[White "Spivak, Michael Jr"]
[Black "Wolchock, Theo"]
[Result "0-1"]
[WhiteElo "1357"]
[BlackElo "1902"]
[PlyCount "88"]
[EventDate "2015.03.03"]
[EventType "swiss"]
[EventRounds "5"]
[EventCountry "CAN"]
[SourceTitle "EXT 2019"]
[Source "ChessBase"]
[SourceDate "2018.10.10"]
[SourceVersion "1"]
[SourceVersionDate "2018.10.10"]
[SourceQuality "1"]

1. d4 Nf6 2. c4 e5 3. e3 exd4 4. exd4 d5 5. Bg5 c6 6. cxd5 cxd5 7. Be2 Be7 8. Nf3 0-0 9. 0-0 Nc6 10. Nc3 Be6 11. Rc1 Rc8 12. a3 h6 13. Bh4 a6 14. Ne5 Nd7 15. Bxe7 Qxe7 16. Nxc6 Rxc6 17. Na4 Rfc8 18. Rxc6 Rxc6 19. Qd2 Bf5 20. Rc1 Rxc1+ 21. Qxc1 Qxe2 22. h3 Qc2 23. Qxc2 Bxc2 24. Nc5 Nxc5 25. dxc5 Kf8 26. Kf1 Ke7 27. Ke2 Bb3 28. Kd3 Ke6 29. Kc3 Bc4 30. b3 Bf1 31. Kb4 Bxg2 32. Ka5 d4 33. Kb4 Kd5 34. h4 Be4 35. f4 d3 36. Kc3 Kxc5 37. b4+ Kd5 38. a4 Bf5 39. a5 h5 40. Kd2 Kd4 41. Ke1 Kc3 42. Kd1 d2 43. b5 Kd3 44. bxa6 Bg4# 0-1

[Event "Winnipeg March TNT"]
[Site "Winnipeg"]
[Date "2015.03.31"]
[Round "5.5"]
[White "Einarsson, Ken"]
[Black "Spivak, Michael Jr"]
[Result "1-0"]
[WhiteElo "1741"]
[BlackElo "1357"]
[PlyCount "57"]
[EventDate "2015.03.03"]
[EventType "swiss"]
[EventRounds "5"]
[EventCountry "CAN"]
[SourceTitle "EXT 2019"]
[Source "ChessBase"]
[SourceDate "2018.10.10"]
[SourceVersion "1"]
[SourceVersionDate "2018.10.10"]
[SourceQuality "1"]

1. d4 d5 2. c4 e6 3. Nc3 Nf6 4. Bg5 Be7 5. e3 0-0 6. Qc2 c6 7. Nf3 Nbd7 8. Bd3 h6 9. Bh4 Re8 10. 0-0 Qb6 11. c5 Qd8 12. Bg3 b6 13. b4 a5 14. a3 axb4 15. axb4 bxc5 16. Rxa8 cxd4 17. Nxd4 Bxb4 18. Nxc6 Qb6 19. Nxb4 Qxb4 20. Nxd5 Nxd5 21. Rxc8 Rxc8 22. Qxc8+ Nf8 23. Qd8 Qe7 24. Qxe7 Nxe7 25. Bd6 Nd5 26. Rb1 Nd7 27. Rb7 N7f6 28. Rb8+ Ne8 29. Rxe8# 1-0

[Event "Winnipeg March TNT"]
[Site "Winnipeg"]
[Date "2015.01.03"]
[Round "3.5"]
[White "Spivak, Michael Jr"]
[Black "Atem, James"]
[Result "0-1"]
[WhiteElo "1357"]
[BlackElo "1881"]
[PlyCount "84"]
[EventDate "2015.03.03"]
[EventType "swiss"]
[EventRounds "5"]
[EventCountry "CAN"]
[SourceTitle "EXT 2019"]
[Source "ChessBase"]
[SourceDate "2018.10.10"]
[SourceVersion "1"]
[SourceVersionDate "2018.10.10"]
[SourceQuality "1"]

1. d4 Nf6 2. c4 c6 3. Nc3 e6 4. e4 Bb4 5. Bg5 Qa5 6. Nf3 Nxe4 7. Bd2 Nxc3 8. Qb3 Nd5 9. cxd5 Bxd2+ 10. Nxd2 cxd5 11. Qb5 Qd8 12. Bd3 Qg5 13. g3 b6 14. Nf3 Qe7 15. Qa4 Nc6 16. Bb5 Bb7 17. Rc1 Qb4+ 18. Qxb4 Nxb4 19. a3 Nc6 20. Ne5 Nxd4 21. Bxd7+ Kd8 22. Ba4 Rf8 23. 0-0 Ne2+ 24. Kh1 Nxc1 25. Rxc1 f6 26. Nc6+ Bxc6 27. Rxc6 Ke7 28. Rc7+ Kd6 29. Rxg7 h5 30. Rh7 Rh8 31. Rd7+ Kc5 32. Rc7+ Kd4 33. Rf7 a6 34. Bc6 Rad8 35. Ra7 Rd6 36. Rc7 f5 37. Bb7 b5 38. Rc1 h4 39. Rd1+ Kc4 40. Rc1+ Kb3 41. Rb1 hxg3 42. fxg3 Kc2 0-1